<?xml version="1.0" encoding="UTF-8"?>
<collection xmlns="http://www.loc.gov/MARC21/slim">
  <record>
    <leader>00000nam  2200000   4500</leader>
    <controlfield tag="001">INLIS000000000018535</controlfield>
    <controlfield tag="005">20241121021833</controlfield>
    <datafield tag="035" ind1="#" ind2="#">
      <subfield code="a">0010-1124000201</subfield>
    </datafield>
    <controlfield tag="007">ta</controlfield>
    <controlfield tag="008">241121###########################0######</controlfield>
    <datafield tag="245" ind1="#" ind2="#">
      <subfield code="a">KANITRA-RENITRA :</subfield>
      <subfield code="b">Pemberdayaan Keterampilan Dosen dan Mahasiswa Melalui Pembuatan Kanula Mencit dan Alat Restrainer Mencit Sederhana di Laboratorium Farmakologi Program Stusdi Farmasi Universitas Sembilanbelas November Kolaka /</subfield>
      <subfield code="c">apt. Andri Anugrah Pratama, S.Farm., M.Si</subfield>
    </datafield>
    <datafield tag="260" ind1="#" ind2="#">
      <subfield code="a">Makassar :</subfield>
      <subfield code="b">Puslatbang KMP RI LAN Makassar,</subfield>
      <subfield code="c">2024</subfield>
    </datafield>
    <datafield tag="300" ind1="#" ind2="#">
      <subfield code="a">54 ;</subfield>
      <subfield code="c">30</subfield>
    </datafield>
    <datafield tag="650" ind1="#" ind2="4">
      <subfield code="a">Pemberdayaan Keterampilan Dosen dan Mahasiswa Melalui Pembuatan Kanula Mencit dan Alat Restrainer Mencit Sederhana di Laboratorium Farmakologi Program Stusdi Farmasi Universitas Sembilanbelas November Kolaka</subfield>
    </datafield>
    <datafield tag="700" ind1=" " ind2="#">
      <subfield code="a">Ns. Rosani Na'im, S.Kep., M.Kep (Mentor)</subfield>
    </datafield>
    <datafield tag="700" ind1=" " ind2="#">
      <subfield code="a">Ns. Ahmad Amiruddin, S.Kep (Coach)</subfield>
    </datafield>
    <datafield tag="520" ind1="#" ind2="#">
      <subfield code="a">Kegiatan aktualisasi dan habituasi ini dilakukan berdasarkan pengamatan di Program Studi Farmasi Fakultas Sains dan Teknologi Universitas Sembilanbelas November Kolaka. Hasil pengamatan menunjukkan terdapat berbagai isu atau masalah, diantaranya belum optimalnya pengadaan alat kanula mencit dan restrainer mencit di Laboratorium Farmakologi Program Studi Farmasi Fakultas Sains dan Teknologi Universitas Sembilanbelas November Kolaka, belum tersedianya standar operasional prosedur penyimpanan limbah di Laboratorium Kimia Farmasi Program Studi Farmasi Fakultas Sains dan Teknologi Universitas Sembilanbelas November Kolaka, dan kurangnya kecakapan mahasiswa dalam proses penyiapan, pengerjaan dan analisis data hasil praktikum kimia farmasi Program Studi Farmasi Universitas Sembilanbelas November Kolaka. Dari permasalahan tersebut, penulis mengimplementasikan dan mengaktualisasikan core values (nilai-nilai dasar) ASN BerAKHLAK (Berorientasi pelayanan, Akuntabel, Kompeten, Harmonis, Loyal, Adaptif, dan Kolaboratif) sebagai dosen di Program Studi S1 Farmasi Universitas Sembilanbelas November Kolaka dengan isu "belum optimalnya pengadaan alat kanula mencit dan restrainer mencit di Laboratorium Farmakologi Program Studi Farmasi Fakultas Sains dan Teknologi Universitas Sembilanbelas November Kolaka Berdasarkan isu tersebut, penulis merumuskan tujuan dari aktualisasi yaitu mampu menerapkan nilai-nilai dasar profesi ASN dalam setiap pelaksanaan kegiatan sehingga dapat menjadi suatu kebiasaan diri sebagai seorang ASN, mengerti dan memahami tentang nilai-nilai profesi aparatur, memperoleh pengalamannya tentang penerapan nilai dasar BerAKHLAK dalam bentuk sikap, perilaku, disiplin, dan kedudukan sebagai anggota ASN dan meningkatkan mutu kinerja tugas pokok dan fungsi sebagai seorang ASN. Penulis menerapkan nilai-nilai dasar ASN dan mata pelatihan manajemen ASN dan SMART ASN dalam memecah isu pada 4 kegiatan, yaitu membuat kanula mencit dan alat restrainer mencit sederhana, membuat panduan dan video pembuatan kanula mencit dan alat restrainer mencit sederhana beserta cara penggunaannya, membuat analisis kebutuhan alat pada Laboratorium Farmakologi, dan mengadakan sosialisasi pembuatan dan cara penggunaaan kanula mencit dan alat restrainer mencit sederhana bersama dosen, penanggung jawab laboratorium, dan mahasiswa. Seluruh kegiatan dapat terselesaikan dangan baik dalam waktu yang diberikan. Indikator kegiatan ini berjalan dengan baik dapat dilihat dari motivasi, keterampilan, dan kreativitas mahasiswa dan dosen dalam membuat kanula dan alat restrainer mencit sederhana secara mandiri.&#13;
&#13;
Kata Kunci: nilai-nilai BerAKHLAK, kanula, restrainer.</subfield>
    </datafield>
    <datafield tag="856" ind1="#" ind2="#">
      <subfield code="a">PUSLATBANG KMP LAN RI Makassar</subfield>
    </datafield>
  </record>
</collection>
